000
00327nam a2200145Ia 4500
008
191201s2009 xx 000 0 und d
082
_a
005.43
_b
MAO
100
_a
MADNICK Stuart E
245
0
_a
Operating Systems
250
_a
Rep
260
_a
N.Delhi
_b
TMH
_c
2009
300
_a
640
650
_a
B.Tech(IT)
942
_2
ddc
_c
BK
999
_c
4364
_d
4364